Biodiversity and ecosystem function

שמור ב:
מידע ביבליוגרפי
מחבר ראשי: Schulze, Ernst Detlef
מחברים אחרים: Mooney, Harold A. (autor)
פורמט: ספר
שפה:אנגלית
יצא לאור: Berlín, Alemania Springer 1994
סדרה:Ecological Studies. 99
נושאים:
תגים: הוספת תג
אין תגיות, היה/י הראשונ/ה לתייג את הרשומה!

MARC

LEADER 00000nam a2200000 a 4500
001 UCY4419
003 CL-VaPUC
005 20220331130729.0
008 950313e19940000GW |||||||||||||||||eng|d
999 |c 232284  |d 232282 
040 |c Pontificia Universidad Católica de Valparaíso 
082 0 4 |a 577.82 SCH 1994  |2 21 
100 0 |a Schulze, Ernst Detlef  |9 332854 
245 1 0 |a Biodiversity and ecosystem function 
260 0 3 |a Berlín, Alemania  |b Springer  |c 1994 
300 |a 525 páginas 
490 0 |a Ecological Studies.  |v 99 
583 |a last modification  |c 19950313 00:00:00  |k Rodrigo Vera 
650 7 |a DIVERSIDAD BIOLOGICA  |2 CL-VaPUC  |9 327372 
650 0 |a CONSERVACION DE ESPECIES  |2 CL-VaPUC  |9 404992 
650 0 |a Comunidades bióticas   |9 269776 
700 |a Mooney, Harold A.  |e autor  |9 358456 
942 |c BK  |2 ddc 
945 |d 19950313 00:00:00  |a mfernand 
952 |0 0  |1 0  |2 ddc  |4 0  |6 577_820000000000000_SCH_1994  |7 0  |8 A  |9 236408  |a BIBCUR  |b BIBCUR  |d 2019-11-15  |i 3064697  |o 577.82 SCH 1994  |p 3064697  |r 2025-04-22  |t 1  |w 2019-11-15  |y BK  |k BIO 
952 |0 0  |1 0  |2 ddc  |4 0  |6 577_820000000000000_SCH_1994  |7 0  |8 CCM  |9 236409  |a BIBCUR  |b BIBCUR  |c PAC  |d 2019-11-15  |i 3153746  |o 577.82 SCH 1994  |p 3153746  |r 2025-04-22  |t 2  |w 2019-11-15  |y BK  |k CIM